Writing great Speeches : professional techniques you can use

Bibliographic Details
Main Author: Perlman, M. Alan (Author)
Format: Book
Language:English
Published: Boston : Allyn and Bacon 1998
Series:The Essence of public speaking series
Subjects:

MARC

LEADER 00000cam a2200000 7i4500
001 0000010285
005 20240918.0
008 030508s1998 mau eng
020 |a 0205273009 
040 |a INS   |b eng   |e rda 
090 0 0 |a PN4142   |b .P47 1997 
100 1 |a Perlman, M. Alan ,   |e author 
245 1 0 |a Writing great Speeches :   |b professional techniques you can use   |c M.Alan Perlman 
264 1 |a Boston :   |b Allyn and Bacon   |c 1998 
264 4 |c ©1998 
300 |a xviii, 194 pages ;   |c 22 cm. 
336 |a text  |2 rdacontent 
337 |a unmediated  |2 rdamedia 
338 |a volume  |2 rdacarrier 
490 0 |a The Essence of public speaking series 
650 0 |a Public speaking 
650 0 |a Speech writing 
999 |a 0000008712   |b BOOK   |c Open Shelf   |e Default branch